000 00751nam a2200229Ii 4500
003 JO-AjNU
008 230605s9999||||xx |||||||||||||| ||und||
017 _a2001/8/1698
020 _a9957-11-201-5
040 _aJO-AjNU
_bara
_erda
_cJO-AjNU
041 _aara
050 1 4 _aP90.N37 2010
100 3 _aنصر الله,عمر عبد الرحيم تأليف,
_eauthor
_931380
245 0 0 _aمبادئ الاتصال التربوي والإنساني
250 _aط2
264 3 1 _aعمان:دار وائل,2001
300 _a350ص
336 _atext
_btxt
_2rdacontent
337 _aunmediated
_bn
_2rdamedia
338 _avolume
_bnc
_2rdacarrier
650 4 _aالاتصال-مبادئ الاتصال التربوي والانساني
_931381
999 _aA12546
_c16114
_d16114